[Škarvan, Albert]

Zobrazenie: Podobizeň spisovateľa, lekára Alberta Škarvana v mladom veku (13.1.1869 Tvrdošín - 29.3.1926 Liptovský Hrádok).

Bibliographic Details
Other Authors: Rek, Mathilda, 1878-1970 (Photographer)
Format: Photo
Language:German
PhysicalDescription:1 fotografia čb 11 x 7 cm
Published: [S.l. s.n. s.a.]
Subjects:

MARC

LEADER 00000nkmaa2200000 a 4500
001 vtls012010180
003 SK-MaSNL
005 20260331212114.0
007 kh bo
008 230802n xo | ||00 k|ger
035 |a urn:nbn:sk:snk-km00fbjw 
035 |a urn:nbn:sk:snk-km45sd1 
035 |a 98D0157A-C1EA-4204-8FE8-425C6BF0D82B 
040 |a SNKLA  |b slo  |c SNKLA  |e AACR2 
041 0 |a ger 
044 |a xo  |c SK 
100 1 |a Rek, Mathilda,  |d 1878-1970  |4 pht  |9 339210 
245 1 0 |a [Škarvan, Albert]  |h grafika 
260 |a [S.l.  |b s.n.  |c s.a.] 
300 |a 1 fotografia  |b čb  |c 11 x 7 cm 
520 2 |a Zobrazenie: Podobizeň spisovateľa, lekára Alberta Škarvana v mladom veku (13.1.1869 Tvrdošín - 29.3.1926 Liptovský Hrádok). 
600 1 7 |a Škarvan, Albert,  |d 1869-1926  |2 SNKMA  |9 105161 
655 7 |a portrétne fotografie  |2 SNKLA  |9 305796 
852 7 |a Slovenská národná knižnica  |b Literárny archív 
958 |a ZO 
958 |a BLA 
999 |c 696749  |d 698679 
952 |a SNKLA  |b SNKLA  |c SNKLA_DEP  |y NEVYP  |7 0  |p 17A1311615  |o snkSŠ 25/35  |i snkLA 1266/1968  |0 0  |1 0  |4 0  |d 2021-01-07  |f 1  |l 0  |r 2026-02-23 20:44:58  |w 2026-02-23